Corona Gyan: (Record no. 195181)

MARC details
000 -LEADER
fixed length control field 00572nam a22001817a 4500
005 - DATE AND TIME OF LATEST TRANSACTION
control field 20231228163023.0
010 ## - LCCN (DPL NO)
LC control number ENG-136317
020 ## - INTERNATIONAL STANDARD BOOK NUMBER
Terms of availability 300.00
International Standard Book Number 818928908X
035 ## - SYSTEM CONTROL NUMBER
System control number EN-119849
037 ## - SOURCE OF ACQUISITION
Source of stock number/acquisition DBAD/PUB
082 ## - DEWEY DECIMAL CLASSIFICATION NUMBER
Classification number 616.244
100 ## - MAIN ENTRY--PERSONAL NAME
Personal name Gupta,P.D
245 ## - TITLE STATEMENT
Title Corona Gyan:
Remainder of title Know corona well,you have to live with it/
Statement of responsibility, etc By P,D,Gupta
260 ## - PUBLICATION, DISTRIBUTION, ETC. (IMPRINT)
Place of publication, distribution, etc Jaipur
Name of publisher, distributor, etc Capricorn Publishing House
Date of publication, distribution, etc 2020
270 ## - ADDRESS
Address 4/363,Malviya Nagar,
City Jaipur
Postal code 302017
Electronic mail address cphjpr@gmail.com
300 ## - PHYSICAL DESCRIPTION
Extent 111p.:
Dimensions 22cm(pbk)
Other physical details ill.
942 ## - ADDED ENTRY ELEMENTS (KOHA)
Source of classification or shelving scheme Dewey Decimal Classification
Item type English Books
Classification part 616.2414
Call number suffix GUP
Holdings
Withdrawn status Lost status Not for loan Collection code Home library Current library Date acquired Source of acquisition Cost, normal purchase price Full call number Barcode Copy number Cost, replacement price Koha item type
      Non-fiction Ashok Vihar Ashok Vihar 03/03/2023 DBAD/PUB 300.00 616.2414 GUP EN-119849 1 300.00 English Books

© Delhi Public Library
Hit Counter
free hit counter